Z lásky k ostrovu Philae /

Hlavní autor: Jacq, Christian, 1947-
Další autoři: Šmerdová, Dagmar, 1951-
Jazyk: Čeština
Vydáno: Praha ; Plzeň : Beta-Dobrovský & Ševčík, 2003
Vydání: Vyd. 1.
Témata:
Externí odkaz: Digitalizovaný dokument
Fyzický popis: 278 s. ; 24 cm
Knihy
Uloženo v:
LEADER 01449nam a2200373 a 4500
001 000677571
003 CZ BrMZK
005 20080327130145.0
007 ta
008 030714s2003 xr g 000 f cze d
015 |a cnb001277208 
020 |a 80-7291-083-3  |q (váz.) 
020 |a 80-7306-081-7  |q (váz.) 
035 |a (OCoLC)85069238 
040 |a BOA001  |b cze 
041 1 |a cze  |h fre 
072 7 |a 821.133.1-3  |x Francouzská próza, francouzsky psaná  |2 Konspekt  |9 25 
080 |a 821.133.1-31  |2 MRF 
080 |a (0:82-311.6)  |2 MRF 
100 1 |a Jacq, Christian,  |d 1947-  |7 jn20000603172  |4 aut 
245 1 0 |a Z lásky k ostrovu Philae /  |c Christian Jacq ; [z francouzského originálu přeložila Dagmar Šmerdová] 
250 |a Vyd. 1. 
260 |a Praha ;  |a Plzeň :  |b Beta-Dobrovský & Ševčík,  |c 2003 
300 |a 278 s. ;  |c 24 cm 
500 |a Přeloženo z francouzštiny 
500 |a Dostupné též v digitální podobě v aplikaci Kramerius 
655 7 |a francouzské romány  |7 fd132289  |2 czenas 
655 7 |a historické romány  |7 fd132414  |2 czenas 
700 1 |a Šmerdová, Dagmar,  |d 1951-  |7 mzk2003194517 
765 0 |t Pour l'amour de Philae  |9 Česky 
856 4 1 |u http://www.digitalniknihovna.cz/mzk/uuid/uuid:5cebdde0-1fed-11e5-b44d-005056827e51  |y Digitalizovaný dokument  |x NDK 
910 |a BOA001  |b 2-1121.881 
990 |a BK 
996 6 |b 2610195556  |c 2-1121.881  |l MZK  |r Sklad / do 1 hodiny  |n 5  |p p.v.  |w 000677571  |u 000010  |a 1  |e BOA001  |j MZK50  |s P